Imiona męskie na E - Statystyki

Ogólne statystyki
  • Ten quiz został rozwiązany 620 razy
  • Średni wynik to 6 z 15
Statystyki odpowiedzi
Hint Odpowiedź % Poprawnych
4-literowe Eryk
82%
6-literowe Edward
78%
4-literowe Emil
74%
9-literowe Eugeniusz
60%
8-literowe Eustachy
48%
6-literowe Edmund
41%
7-literowe Emanuel
32%
6-literowe Ernest
32%
9-literowe Euzebiusz
30%
7-literowe Emilian
28%
5-literowe Edwin
20%
5-literowe Erwin
20%
6-literowe Eliasz
18%
7-literowe Ewaryst
7%
6-literowe Eneasz
5%
Nie znaleziono quizów pasujących do podanych kryteriów
Rozkład punktacji
Procent ludzi z każdym wynikiem
Percentyl według liczby udzielonych odpowiedzi
Twoja historia wyników
Nie rozwiązałeś tego quizu